01000cam a2200265 a 450000100090000000300050000900500170001400800410003101000170007202000180008904000180010705000260012508200160015110000190016724500310018625000250021726000290024230000280027150000720029965000360037165000490040785601060045685600910056285600810065314621969Nust20170213110544.0061103t20062005nyub 000 1 eng  a 2006285398 a9780755324224 aDLCcDLCdDLC00aPR6107.I225bA97 200600a823.92bGIB1 aGibbins, David10aAtlantis /cDavid Gibbins. aDell mass market ed. aNew York :bDell,c2005. a464 p. :bmap ;c18 cm. aPreviously published in London by Headline Book Publishing in 2005. 0aMarine archaeologistsvFiction. 0aTreasure troveszMediterranean SeavFiction.423Contributor biographical informationuhttp://www.loc.gov/catdir/enhancements/fy0703/2006285398-b.html423Publisher descriptionuhttp://www.loc.gov/catdir/enhancements/fy0703/2006285398-d.html413Sample textuhttp://www.loc.gov/catdir/enhancements/fy0703/2006285398-s.html